|
|
|
|
| LEADER |
00000naa2a2200000 4500 |
| 001 |
90524 |
| 005 |
20240215113412.0 |
| 035 |
|
|
|a (RuTPU)RU\TPU\book\97070
|
| 090 |
|
|
|a 90524
|
| 100 |
|
|
|a 20060210d2002 k y0rusy50 ca
|
| 101 |
0 |
|
|a rus
|
| 102 |
|
|
|a RU
|
| 200 |
1 |
|
|a Исследование высокотемпературной диффузии катионных примесей в ионных кристаллах в поле мощного электронного пучка
|f А. П. Суржиков [и др.]
|
| 320 |
|
|
|a Библиогр.: 3 назв.
|
| 463 |
|
1 |
|0 (RuTPU)RU\TPU\book\56937
|y 9965-615-03-9
|t Физика твердого тела
|o материалы VII Международной конференции, Усть-Каменогорск, 5-7 июня 2002 г.
|f Восточно-Казахстанский государственный технический университет им. Д. Серикбаева
|v С. 204-206
|d 2002
|p 366 с.
|
| 610 |
1 |
|
|a диффузия
|
| 610 |
1 |
|
|a ионные кристаллы
|
| 610 |
1 |
|
|a электронное облучение
|
| 610 |
1 |
|
|a катионные примеси
|
| 610 |
1 |
|
|a бромид калия
|
| 610 |
1 |
|
|a диффузионный отжиг
|
| 610 |
1 |
|
|a труды учёных ТПУ
|
| 701 |
|
1 |
|a Суржиков
|b А. П.
|c физик
|c профессор Томского политехнического университета, доктор физико-математических наук
|f 1951-
|g Анатолий Петрович
|3 (RuTPU)RU\TPU\pers\22010
|9 9307
|
| 701 |
|
1 |
|a Франгульян
|b Т. С.
|c специалист в области электроники, диэлектриков и полупроводников
|c ведущий научный сотрудник Томского политехнического университета, кандидат физико-математических наук
|f 1940-
|g Тамара Семёновна
|3 (RuTPU)RU\TPU\pers\26534
|
| 701 |
|
1 |
|a Чернявский
|b А. В.
|c российский учёный в области электроники, диэлектриков и полупроводников
|c старший научный сотрудник Томского политехнического университета
|g Александр Викторович
|3 (RuTPU)RU\TPU\pers\26556
|
| 701 |
|
1 |
|a Гынгазов
|b С. А.
|c специалист в области электроники
|c профессор Томского политехнического университета, доктор технических наук
|f 1958-
|g Сергей Анатольевич
|3 (RuTPU)RU\TPU\pers\26531
|9 12225
|
| 801 |
|
1 |
|a RU
|b 63413507
|c 20060210
|g PSBO
|
| 801 |
|
2 |
|a RU
|b 63413507
|c 20160220
|g PSBO
|
| 942 |
|
|
|c BK
|